Países con más inmigrantes per cápita - Estadísticas

Estadísticas generales
  • Esta prueba ha sido intentada 3.084 veces
    761 desde el último reinicio
  • La puntuación promedio es 14 de 23
Estadísticas de respuestas
% País % Correcto
74,0 Emiratos Árabes Unidos
79%
76,7 Catar
78%
100 Ciudad del Vaticano
78%
59,1 Andorra
75%
70,2 Mónaco
75%
40,3 Arabia Saudita
72%
30,1 Australia
72%
51,2 Luxemburgo
72%
69,4 Liechtenstein
70%
52,3 Baréin
65%
67,3 Kuwait
65%
23,0 Canadá
64%
28,2 Nueva Zelanda
64%
28,8 Suiza
63%
48,7 Singapur
61%
43,2 Omán
59%
23,1 Irlanda
49%
33,8 Jordania
48%
25,5 Austria
45%
25,9 Brunéi
44%
25,1 Islandia
44%
24,5 Líbano
44%
29,5 Palaos
31%
No se encontraron pruebas coincidentes
Distribución de puntuación
Porcentaje de gente con cada puntuación
Porcentaje por número respondido
Historial de tus puntuaciones
No has intentado esta prueba desde el último reinicio